[Event "Barcelona Sant Marti op 9th"]
[Site "Barcelona"]
[Date "2020.02.13"]
[Round "5"]
[White "Lison Palomero, Nicolas"]
[Black "Gracia Poch, Frederic"]
[Result "0-1"]
[WhiteElo "1532"]
[BlackElo "1361"]
[PlyCount "140"]
[EventDate "2020.01.16"]
[EventType "swiss"]
[EventRounds "9"]
[EventCountry "ESP"]
[SourceTitle "CBM 195 Extra"]
[Source "ChessBase"]
[SourceDate "2020.05.31"]
[SourceVersion "1"]
[SourceVersionDate "2020.05.31"]
[SourceQuality "1"]

1. e4 c5 2. Nf3 d6 3. d4 cxd4 4. Nxd4 Nf6 5. Nc3 a6 6. f3 g6 7. Be3 Qc7 8. Qd2 Nc6 9. Nxc6 Qxc6 10. 0-0-0 Be6 11. Kb1 Bg7 12. h4 h6 13. g4 Nd7 14. Be2 0-0-0 15. f4 f5 16. gxf5 gxf5 17. Rhg1 Bf6 18. Bf3 Bxc3 19. Qxc3 Qxc3 20. bxc3 Nc5 21. Rg7 Rd7 22. Bxc5 dxc5 23. Rxd7 Kxd7 24. exf5 Bxf5 25. Bxb7 Rb8 26. Rf7 Rxb7+ 27. Kc1 Be6 28. Rh7 Bxa2 29. Rxh6 Rb1+ 30. Kd2 Rf1 31. Ke3 Bd5 32. Rxa6 Rf3+ 33. Kd2 Rxf4 34. Ra5 Kc6 35. Ra7 e6 36. Rh7 c4 37. h5 Be4 38. Rh8 Rh4 39. Rc8+ Kd5 40. Rh8 Rh2+ 41. Ke1 Bxc2 42. h6 Bf5 43. Kf1 Ke4 44. Kg1 Rh4 45. Kf2 Kd3 46. Kg3 Rh5 47. Kf4 Kxc3 48. Ke5 Kd2 49. h7 Rxh7 50. Rxh7 Bxh7 51. Kxe6 c3 52. Ke5 c2 53. Kf4 c1Q 54. Kf3 Qe1 55. Kf4 Qe4+ 56. Kg5 Qf5+ 57. Kh4 Qf4+ 58. Kh5 Bg8 59. Kg6 Bc4 60. Kh5 Ba2 61. Kg6 Kd3 62. Kg7 Qf5 63. Kh6 Ke4 64. Kg7 Ke5 65. Kh6 Ke6 66. Kg7 Qf6+ 67. Kg8 Ke7+ 68. Kh7 Bb1+ 69. Kg8 Qf7+ 70. Kh8 Qh7# 0-1

[Event "Barcelona Sant Marti op 9th"]
[Site "Barcelona"]
[Date "2020.01.23"]
[Round "2"]
[White "Abascal Vicente, Ignacio"]
[Black "Lison Palomero, Nicolas"]
[Result "1-0"]
[WhiteElo "1644"]
[BlackElo "1532"]
[PlyCount "91"]
[EventDate "2020.01.16"]
[EventType "swiss"]
[EventRounds "9"]
[EventCountry "ESP"]
[SourceTitle "CBM 195 Extra"]
[Source "ChessBase"]
[SourceDate "2020.05.31"]
[SourceVersion "1"]
[SourceVersionDate "2020.05.31"]
[SourceQuality "1"]

1. e4 e5 2. Nf3 Nc6 3. Bb5 Nf6 4. 0-0 Nxe4 5. Re1 Nd6 6. Bxc6 dxc6 7. Nxe5 Be7 8. d4 0-0 9. Nc3 Bf6 10. h3 Re8 11. Bf4 Nf5 12. Ne2 Bxe5 13. dxe5 Be6 14. g4 Nh4 15. Nc3 Bd5 16. Nxd5 Qxd5 17. Qxd5 cxd5 18. Re3 h6 19. Rae1 d4 20. Rd3 c5 21. Bg3 c4 22. Ra3 Ng6 23. f4 f6 24. e6 a6 25. f5 Ne7 26. Rd1 Nc6 27. Bf2 a5 28. Kf1 b5 29. Ke2 b4 30. Rf3 Rad8 31. Rf4 c3 32. b3 g5 33. Re4 Rd5 34. Bxd4 Red8 35. Ke3 Kf8 36. Rd3 Ke7 37. Bb6 Rxd3+ 38. cxd3 Rd5 39. Rc4 Ne5 40. Rc7+ Ke8 41. d4 Rb5 42. Bc5 Rb8 43. dxe5 Kd8 44. Bd6 Rb5 45. e7+ Ke8 46. Rc8+ 1-0